Laddar...
Swathanthryathinte kanappurangal:Sukumar Azheekodinte prabhasanangal
| Huvudupphovsman: | |
|---|---|
| Materialtyp: | Printed Book |
| Språk: | Undetermined |
| Publicerad: |
SPCS Kottayam,
2013
|
| Ämnen: |
| LEADER | 00488nam a2200145Ia 4500 | ||
|---|---|---|---|
| 008 | 200324s9999 xx 000 0 und d | ||
| 082 | |a 8M5 |b JIL-S | ||
| 100 | |a Fr.Jilson john CMI | ||
| 245 | 0 | |a Swathanthryathinte kanappurangal:Sukumar Azheekodinte prabhasanangal | |
| 260 | |b SPCS Kottayam, |c 2013 | ||
| 300 | |a 151p. | ||
| 650 | |a essays malayalam | ||
| 942 | |c BK | ||
| 999 | |c 287060 |d 287060 | ||
| 952 | |0 0 |1 0 |4 0 |6 8M5_JILS |7 0 |9 305600 |a SDE |b SDE |d 2018-12-20 |l 0 |o 8M5 JIL-S |p SDE22914 |r 2020-03-27 |w 2020-03-27 |y BK | ||